000 00871nam a2200301Ia 4500
003 OSt
005 20220912144645.0
006 a|||||r|||| 00| 0
007 ta
008 220909b |||||||| |||| 00| 0 eng d
020 _a9789332700109 (pbk)
020 _aSL01560320
024 _a188848
037 _b40, 21/06/2013, N R Book Distributors
037 _cTextbook
040 _aCSL
_beng
_cCSL
041 _aeng
082 _aY7:7, P3;Q3 TY
245 0 _aHuman development report: The rise of the south
260 _aNew York
_bUNDP
_c2013
300 _aix,202p.
500 _aReferences 131-138p.; Statistical annex 140- 202p.
650 _a Human development
650 _aAnthropology
700 _a Sudarshan S
942 _hY7:7, P3;Q3 TY
_cTB
_2CC
999 _c14884
_d14884